00746 a2200193 450000100060000002000180000604000220002410000430004624000340008924500290012330000080015236200090016065000260016994200070019595201110020295201110031395201110042499900170053562886 a9788577533381 cAnchieta - Pituba aSchittine, Denise Ferreira de Araújo10aLer e escrever no escurolpor10aLer e escrever no escuro a4610 a2016 4aLiteratura brasileira cBK 00104070a91.1b91.1d2023-11-21l0o869.9 S337l SCH LERp16156/PITr2023-11-21 18:31:31w2023-11-21yBK 00104070a91.1b91.1d2023-11-21l0o869.9 S337l SCH LERp16258/PITr2023-11-21 18:31:31w2023-11-21yBK 00104070a91.1b91.1d2023-11-21l0o869.9 S337l SCH LERp16259/PITr2023-11-21 18:31:31w2023-11-21yBK c62886d62886